01711nam a22002297a 450000500170000000800410001702000180005804000180007604100080009408200200010210000230012224500900014525000120023526000660024730000310031350009600034465000370130465000450134165000320138670000350141870000280145320250407142551.0250407b |||||||| |||| 00| 0 eng d a9789354600777 cAIMIT LIBRARY aeng a658.4 29bMCSS aMcshane, Steven L. aOrganizational behavior /cBySteven L Mc Shane, Mary Ann Von Glinow and Himanshu Rai. a9th ed. aNew Delhi :bTata McGraw Hill Publishing Company Ltd ,c2020. axxiii, 591p ;c27.5cm.bPB aThis edition of Organizational Behavior reflects the latest trends in the subject area. The title offers comprehensive discussion on all major areas of organizational behavior. This edition has several new topics, sections and cases. Existing chapters are modified with India-specific data, examples and exhibits to provide local context. This book is helpful for all readers and will be especially relevant and insightful for students of business management and other allied courses. Salient Features: 1. Revised and updated chapters on Personality and Values, Employee Motivation, Communicating in Teams and Organizations, and Conflict and Negotiation 2. Thoroughly researched content, in-text examples, captioned photos and features along with real-world examples 3. New interactive case studies, exhibits, debating boxes and self-assessment tests 4. Includes various new and adapted examples, case studies, exercises etc. to provide Indian context aInividual behavior and processes aPerception and learning in organizations aMotivation in the workplace aGlinow, Mary Ann Von.eAuthor. aRai, Himanshu.eAuthor.